000
00343nam a22001577a 4500
003
MPLRDC
005
20220104124842.0
008
210129b ||||| |||| 00| 0 eng d
082
_a
848.1 BJ c.5
100
_a
巴金著
245
_a
家
_c
260
_a
_b
南国出版社
_c
1975
300
_b
平
650
_a
942
_c
BK
_o
848.1 BJ c.5
999
_c
22668
_d
22658